Cultura generale ITA #16 - Statistics

General Stats
  • This quiz has been taken 415 times
  • The average score is 8 of 20
Answer Stats
Hint Answer % Correct
Appellativo che venne dato, ad esempio, ad Alessandro e a Carlo Magno
83%
Può essere ad esempio di noci, di basilico o di pistacchi Pesto
80%
Materiale simile alla carta su cui si scriveva in età antica Papiro
76%
Popolazione germanica che si stanziò in Italiana nel medioevo e diede nome a una regione del nord Longobardi
66%
Il numero MCMXLIX in cifre arabe 1949
62%
Parola che può indicare un frutto oppure una lingua parlata Mandarino
62%
Mestiere di chi costruisce strumenti come i violoncelli Liutaio
56%
Città in cui si trova la sede del parlamento europeo Strasburgo
52%
Re Leopoldo II del Belgio fu famoso per le atrocità che fece commettere in una sua colonia personale. Quale? Stato Libero del Congo
37%
Il generale che vinse la battaglia di Austerlitz Napoleone Bonaparte
29%
Nome ufficiale della Svizzera, abbreviata in CH Confederazione Elvetica
22%
Rimedio universale, risolutore di ogni problema Panacea
21%
Probabilmente il più antico gioco da tavolo del mondo, di origine cinese, che vede due giocatori contendersi il controllo di una plancia di gioco con pietre bianche e nere Go
19%
La vela dell'albero principale di una piccola imbarcazione Randa
19%
Genere di videogiochi caratterizzati dall'alta difficoltà e dall'uso di una narrazione silenziosa e frammentata, come ad esempio Dark Souls, Sekiro: Shadows Die Twice e Elden Ring Soulslike
18%
Antico nome di Tokyo Edo
16%
Gruppo etnico autoctono dell'odierno Maghreb, i cui membri convivono con gli arabi in molti stati del nordafrica Berberi
13%
L'ultimo italiano a vincere la Palma D'Oro al festival di Cannes nel 2001, con il film La stanza del figlio (aggiornato a maggio 2024) Giovanni Moretti
11%
Il diavolo nella cultura popolare tedesca, ad esempio nel Faust Mefistofele
10%
Strumento utilizzato per la misura della posizione di un corpo celeste. Utilizzato in particolare per la misura della posizione angolare dell'oggetto rispetto all'orizzonte Sestante
9%
No matching quizzes found
Score Distribution
Percent of People with Each Score
Percentile by Number Answered
Your Score History
You have not taken this quiz